000 01265nam a2200325 i 4500
001 182092
003 ES-MaACL
005 20250808062832.0
008 130603s2012 sp | |||||||| | spa d
020 _a978-84-220-1589-5 (BAC)
020 _a978-84-362-6444-9 (UNED)
080 _a32 Plutarco
080 _a321.01(38)
080 _a321.01(37)
100 1 _aRovira Reich, Ricardo.
_9152835
245 1 3 _aLa educación política en la antigüedad clásica :
_bel enfoque sapiencial de Plutarco /
_cRicardo Rovira Reich.
260 _aMadrid :
_bBiblioteca de Autores Cristianos :
_bUniversidad Nacional de Educación a Distancia,
_c2012.
300 _aLII, 529 p. ;
_c20 cm.
490 1 _aCollectio Scriptorum mediaevalium & renascentium ;
_v7
490 1 _aBiblioteca de autores cristianos ;
_v708
504 _aBibliografía: p. [XXXV]-L.
600 1 4 _aPlutarco.
_tVidas paralelas.
_9152836
600 1 4 _aPlutarco.
_tMoralia.
_9152837
650 4 _aPolítica-
_xFilosofía-
_zGrecia.
_9152838
650 4 _aPolítica-
_xFilosofía-
_zRoma.
_9152839
830 0 _aCollectio Scriptorum mediaevalium & renascentium ;
_v7
_9224795
830 0 0 _aBiblioteca de autores cristianos
_v708
_9178679
852 _aES-MaACL
_jJ-696
999 _c182092
_d182092